The Fewest Letters Quiz Stats

 Plays Quiz Updated Mar 14, 2018

Score 0/36 Timer 06:00
2 Plays Today
Category Answer % Correct
Months of the YearMay
85.3%
Planets of the Solar SystemMars
84.8%
U.S. StatesOhio
79.3%
U.S. StatesIowa
77%
IntegersTwo
76.1%
IntegersSix
75%
IntegersTen
74.7%
Pixar MoviesUp
73.2%
U.S. StatesUtah
68.2%
Ivy League SchoolsYale
68.1%
Seven DwarfsDoc
67.2%
South American CountriesPeru
56.6%
NHL teams(Manitoba) Winnipeg Jets
52.2%
Signs of the ZodiacLeo
48.7%
NFL teams(New York) Jets
47.3%
MLB teams(Cincinnati) Reds
43.6%
MLB teams(New York) Mets
41.9%
Chinese Zodiac AnimalsOx
41.7%
Category Answer % Correct
NBA teams(Miami) Heat
41.1%
ElementsTin
40.8%
MLB teams(Chicago) Cubs
38.9%
NBA teams(Utah) Jazz
38.1%
NBA teams(Brooklyn) Nets
33.4%
MLB teams(Tampa Bay) Rays
33.4%
Jane Austen NovelsEmma
31.5%
Rooms from CluedoHall
30%
Ranks of the ArmyMajor
29.2%
NFL teams(Los Angeles) Rams
28.3%
NBA teams(Phoenix) Suns
26.3%
Oscar Best Picture WinnersArgo
21.6%
AKC Dog BreedsPug
21.2%
Olympics Host CitiesRome
20.4%
NHL teams(Minnesota) Wild
17.3%
Olympics Host CitiesOslo
16.2%
IntegersOne
15.6%
Oscar Best Picture WinnersGigi
6%

You're not logged in!

Compare scores with friends on all Sporcle quizzes.
OR
Log In

Sporcle TV

Today on Sporcle TV


Watch our educational content, quiz creation guides, and fun videos on Sporcle TV.

Show Comments

Extras

Top Quizzes Today


Score Distribution

Your Account Isn't Verified!

In order to create a playlist on Sporcle, you need to verify the email address you used during registration. Go to your Sporcle Settings to finish the process.

Report this User

Report this user for behavior that violates our Community Guidelines.

Details: